000 00480nam a2200181Ia 4500
005 20250423095115.0
008 250422s9999 xx 000 0 und d
020 _a9781032198484
050 _aQH 366.2 .S84/
100 _aSugitani, Kenichiro.
245 0 _aEarly Life on Earth
260 _aBoca Raton
260 _bCRC Press
260 _c2022
300 _aXxi, 331p.: ill.
650 _a Biological Evolution Biodiversity Archaea Origin of Life Fossils
942 _cBK
999 _c29260
_d29260